[Event "Salon de Provence op 7th"]
[Site "Salon de Provence"]
[Date "2016.07.10"]
[Round "2"]
[White "San Marco, Jean"]
[Black "Ouahhoud, Yassine"]
[Result "1/2-1/2"]
[WhiteElo "1817"]
[BlackElo "1714"]
[PlyCount "100"]
[EventDate "2016.07.09"]
[EventType "swiss"]
[EventRounds "9"]
[EventCountry "FRA"]
[SourceTitle "EXT 2019"]
[Source "ChessBase"]
[SourceDate "2018.10.10"]
[SourceVersion "1"]
[SourceVersionDate "2018.10.10"]
[SourceQuality "1"]

1. Nf3 Nf6 2. d4 c5 3. c3 e6 4. Bf4 Nc6 5. e3 Be7 6. Nbd2 cxd4 7. exd4 b6 8. Bd3 Bb7 9. h3 a5 10. Qe2 Qc8 11. Nc4 Ba6 12. Nxb6 Bxd3 13. Qxd3 Qa6 14. Qxa6 Rxa6 15. Nc4 0-0 16. 0-0 d5 17. Nce5 Nxe5 18. Nxe5 Bd6 19. Nd3 Bxf4 20. Nxf4 Rfa8 21. Nd3 a4 22. a3 Ne4 23. Rfe1 Nd2 24. Re2 Nb3 25. Rae1 Rb6 26. Nb4 Na5 27. Nxd5 Rb3 28. Nb4 Nc4 29. Nd3 Kf8 30. f4 g6 31. g4 Rab8 32. Ne5 Rxb2 33. Nd7+ Kg7 34. Nxb8 Rxb8 35. f5 exf5 36. gxf5 Rb3 37. fxg6 hxg6 38. Re7 Rxc3 39. Rf1 Nd6 40. Rd7 Nf5 41. d5 Rxa3 42. Rd1 Rxh3 43. d6 Rh8 44. Ra7 Rd8 45. d7 f6 46. Rxa4 Kf7 47. Ra7 Ng7 48. Kf2 Ne6 49. Ke3 Ke7 50. Kf3 Kf7 1/2-1/2

[Event "Marseille op 4th"]
[Site "Marseille"]
[Date "2011.12.28"]
[Round "6"]
[White "Ouahhoud, Yassine"]
[Black "Mohammed, Gibran"]
[Result "1-0"]
[WhiteElo "1370"]
[BlackElo "1580"]
[PlyCount "57"]
[EventDate "2011.12.26"]
[EventType "swiss"]
[EventRounds "9"]
[EventCountry "FRA"]
[SourceTitle "CBM 146 Extra"]
[Source "ChessBase"]
[SourceDate "2012.02.29"]
[SourceVersion "1"]
[SourceVersionDate "2012.02.29"]
[SourceQuality "1"]

1. e4 e5 2. Nf3 Nc6 3. d4 exd4 4. Bc4 Be7 5. Nxd4 Na5 6. Bd3 Nc6 7. Nf5 Bf6 8. 0-0 Nge7 9. Nc3 Ne5 10. f4 Nxd3 11. cxd3 Nxf5 12. exf5 Bd4+ 13. Kh1 0-0 14. Bd2 c6 15. Rb1 d5 16. Ne2 Bb6 17. Ng3 Qf6 18. Qh5 h6 19. Rfe1 Bd7 20. Bc3 d4 21. Bd2 a5 22. Re5 Qd8 23. Rbe1 Bc7 24. R5e4 c5 25. f6 Ra6 26. fxg7 Kxg7 27. Qxc5 Bb6 28. Qe5+ Kh7 29. Nh5 1-0